000 00478nam a2200157 a 4500
001 000033086
005 20200930070023.0
008 110817s1931 dr 000 0 spa d
040 _aDO-SdBNP
_bspa
_cBNPHU
245 0 0 _aFrente a la constitución ilegal de la gran logia nacional.
260 _aSanto Domingo :
_bJ. R. Vda. García,
_c1931.
300 _a46 p. ;
_c21 cm.
490 1 _aRespetable logía La Fe
_v7
830 0 _aRespetable logía La Fe
_n7
_958767
049 _aBNPD
999 _c32577
_d32577